000 00353nam a2200133Ia 4500
008 151001s9999||||xx |||||||||||||| ||und||
100 _aयोगिनी जोगळेकर
245 _aजीवाची आवडी
250 _a1
260 _bगिता एजन्सी
260 _c2005
300 _a136
365 _b18
999 _c984956
_d984953